00985nam a2200217 a 450000100060000000300080000600500170001400800410003103500190007204000350009108200330012610000400015924502010019926000850040030000470048550200910053250400360062365000350065970000340069470000390072885193BD-RjUL20250714111216.0250714s2024 bg a|||| m||| 00| 0 eng d a(BD-RjUL)85193 aBD-RjULbengcBD-RjULdBD-RjUL 223a 338.642095492bMRE 2024 aMridha, Md. Mokarremul Hoque Helal 10aEntrepreneurship development in Bangladesh :byouth perception and institutional initiatives /cMd. Mokarremul Hoque Helal Mridha ;6Supervisor : Md. Kamruzzaman ; Co-supervisor Md. Shamim Hossain aRajshahi :bInstitute of Bangladesh Studies (IBS), University of Rajshahi,c2024 axxi, 282 leaves :billustrations ;c29.cm. aThesis (Ph. D.) -- Institute of Bangladesh Studies (IBS), University of Rajshahi, 2024 aReferences : Leaves [231] - 242 aEntrepreneurship zBangladesh. aKamruzzaman, Md., Supervisor  aHossain, Md. Shamim, Co-supervisor